Strangers in the night : (Record no. 3358)

MARC details
000 -LEADER
fixed length control field 00459nam a2200181 4500
001 - CONTROL NUMBER
control field 4099
005 - DATE AND TIME OF LATEST TRANSACTION
control field 20181127172618.0
020 00 - INTERNATIONAL STANDARD BOOK NUMBER
International Standard Book Number 9780140240658
090 00 - LOCALLY ASSIGNED LC-TYPE CALL NUMBER (OCLC); LOCAL CALL NUMBER (RLIN)
Classification number (OCLC) (R) ; Classification number, CALL (RLIN) (NR) FIC B7111s
100 00 - MAIN ENTRY--PERSONAL NAME
Personal name Bond, Ruskin.
245 00 - TITLE STATEMENT
Title Strangers in the night :
Remainder of title Two novellas,
Statement of responsibility, etc. Ruskin Bond.
Medium
260 00 - PUBLICATION, DISTRIBUTION, ETC.
Place of publication, distribution, etc. New Delhi :
Name of publisher, distributor, etc. Penguinbooks,
Date of publication, distribution, etc. 1996.
300 00 - PHYSICAL DESCRIPTION
Extent 143 p. ; 20 cm
500 00 - GENERAL NOTE
General note
650 00 - SUBJECT ADDED ENTRY--TOPICAL TERM
Topical term or geographic name entry element India.
General subdivision
Topical term or geographic name entry element Young men --India --Fiction.
General subdivision
Topical term or geographic name entry element Young men.
General subdivision
Holdings
Withdrawn status Lost status Source of classification or shelving scheme Damaged status Not for loan Collection code Home library Current library Shelving location Date acquired Serial Enumeration / chronology Inventory number Total Checkouts Total Renewals Full call number Barcode Date last seen Date last checked out Price effective from Koha item type
    Dewey Decimal Classification     Fiction RTC Library RTC Library Fiction 04/03/2021 6870 8 5 FIC 813.54 BON 30007186 30/04/2023 15/04/2023 27/11/2018 Fiction
Royal Thimphu College || All Right Reserved